Diagnóstico y presentación final del Cantón de Puntarenas (Registro nro. 13386)
[ vista simple ]
| 000 -LEADER | |
|---|---|
| fixed length control field | 00646nam a22002177a 4500 |
| 005 - DATE AND TIME OF LATEST TRANSACTION | |
| control field | 20220629093855.0 |
| 008 - FIXED-LENGTH DATA ELEMENTS--GENERAL INFORMATION | |
| fixed length control field | 220629b xxu||||| |||| 00| 0 spa d |
| 041 ## - LANGUAGE CODE | |
| Language code of text/sound track or separate title | Español |
| 082 ## - DEWEY DECIMAL CLASSIFICATION NUMBER | |
| Classification number | GT 24 |
| 100 ## - MAIN ENTRY--AUTHOR NAME | |
| Personal name | Fernández R., Andrés |
| 100 ## - MAIN ENTRY--AUTHOR NAME | |
| Personal name | Brenes S., Leonardo |
| 100 ## - MAIN ENTRY--AUTHOR NAME | |
| Personal name | Araya C., Fabián |
| 100 ## - MAIN ENTRY--AUTHOR NAME | |
| Personal name | Ulate P., Yozabath |
| 245 ## - TITLE STATEMENT | |
| Title | Diagnóstico y presentación final del Cantón de Puntarenas |
| 260 ## - PUBLICATION, DISTRIBUTION, ETC. (IMPRINT) | |
| Year of publication | 2014 |
| 300 ## - PHYSICAL DESCRIPTION | |
| Number of Pages | 8 páginas |
| 502 ## - DISSERTATION NOTE | |
| Dissertation note | Incluye 17 presentaciones de Power Point |
| 650 ## - SUBJECT ADDED ENTRY--TOPICAL TERM | |
| Topical Term | DESARROLLO TURÍSTICO |
| 650 ## - SUBJECT ADDED ENTRY--TOPICAL TERM | |
| Topical Term | CANTÓN PUNTARENAS |
| 942 ## - ADDED ENTRY ELEMENTS (KOHA) | |
| Tipo de ítem | Informe de Práctica |
| Withdrawn status | Estado | Estado físico | Not for loan | Total Checkouts | Clasificación | Número de inscripción | Date last seen | Date checked out | Price effective from | Tipo de ítem |
|---|---|---|---|---|---|---|---|---|---|---|
| 1 | GT 24 | GT24 | 06/10/2022 | 23/09/2022 | 29/06/2022 | Informe de Práctica |